| 000 | 00681nam a2200217Ia 4500 | ||
|---|---|---|---|
| 005 | 20260123140629.0 | ||
| 008 | 210716s2004 xx 000 0 und d | ||
| 020 | _a9788120325555 | ||
| 040 | _cAIMIT LIBRARY | ||
| 041 | _aeng | ||
| 082 |
_a657.42 _23 _bBHAA |
||
| 100 |
_aBhattacharyya, Asish k. _964801 |
||
| 245 |
_aPrinciples and practice of cost accounting / _cBy Asish K Bhattacharyya. |
||
| 250 | _a3rd ed. | ||
| 260 |
_aNew Delhi : _bPHI Learning Pvt Ltd , _c2004. |
||
| 300 |
_axiii,1070p. ; _bPB. _c23 cm. |
||
| 650 |
_aCost accounting terms _964802 |
||
| 650 |
_aPayroll accounting _964803 |
||
| 650 |
_aProcess costing _964804 |
||
| 942 |
_2ddc _cBK _e3rd _k657.42 BHAA |
||
| 999 |
_c187385 _d187385 |
||